00645nam a22002172 45000010005000000030008000050050017000130080041000300350050000710400027001210410008001480820022001561000025001782450080002032600030002833000029003135000034003425040019003766500016003956500016004119475BD-RjUL20211208234802.0741222s1968 xxk 000 0 eng d aOCLC ocm30282053 from D971001Ma(BD-RjUL)9520 aUKMcUKMdBD-RjULbeng aeng00a546218bMAI 19681 aMarks, David Julian.10aIntroduction to physical inorganic chemistry /cby D.J. Marks, J. Donnelly. bLongmans,c1968.alondon: a273 p. :bill. ;c20 cm. aFor O.N.C. and A Level G.C.E. aincludes index aChemistry,  aInorganic.